000 00710nam a2200205Ia 4500
005 20260121110128.0
008 008 260114s9999 xx 000 0 hin d
020 _a9788132374404
037 _aEBOOK
040 _aCRL
_bhin
_cCRL
041 _ahin
_2hin
084 _qCRL
100 _aनादिया रहमान / Nadia Rehman
_9942398
245 0 _aपोषण विज्ञान: माइक्रोन्‍यूट्रिएंट्स / Poshan vigyan: Micronutrients
260 _bभाषा प्रकाशन / Bhasha Prakashan
_c2022
856 _uhttps://bhashaprakashan.com/product-details/380564
942 _cEBOOK
999 _c1534063
_d1534063